000 00387nam a2200169Ia 4500
001 26525
003 IN-NITTTR
005 20251114233333.0
008 251113s9999||||xx |||||||||||||| ||eng||
040 _beng
040 _cIN-NITTTR
041 _aeng
082 _a669.4 L149E
100 _aLakhtin, Y.
245 0 _aEngineering physical metallurgy /
_cLakhtin, Y.
942 _2ddc
_cBK
999 _c29154
_d29154